[Event "Sao Paulo STD Gansl op"]
[Site "Sao Paulo"]
[Date "2019.05.26"]
[Round "6"]
[White "Dutra, Liliam Guedes"]
[Black "Funayama S A, Yuri"]
[Result "0-1"]
[WhiteElo "1485"]
[BlackElo "1608"]
[PlyCount "158"]
[EventDate "2019.05.24"]
[EventType "swiss"]
[EventRounds "6"]
[EventCountry "BRA"]
[SourceTitle "CBM 190 Extra"]
[Source "ChessBase"]
[SourceDate "2019.07.15"]
[SourceVersion "1"]
[SourceVersionDate "2019.07.15"]
[SourceQuality "1"]

1. e4 c6 2. d4 d5 3. Bd3 dxe4 4. Bxe4 Nf6 5. Bf3 Bf5 6. Be3 e6 7. Nd2 Nbd7 8. Nc4 Be7 9. Ne2 0-0 10. Ng3 Bg6 11. c3 Nb6 12. Ne5 Nbd5 13. Nxg6 hxg6 14. 0-0 Qb6 15. Rb1 Nxe3 16. fxe3 Rfd8 17. Re1 c5 18. Kh1 cxd4 19. exd4 Qc7 20. Qe2 Rac8 21. Ne4 Nd5 22. g3 b5 23. Qxb5 Rb8 24. Qe2 Nb6 25. Nd2 Bf8 26. Kg1 Rd6 27. a3 Na4 28. Nc4 Rdd8 29. Qd3 Rdc8 30. Be2 Rb7 31. b3 Nb6 32. Nxb6 Rxb6 33. c4 Bxa3 34. c5 Rbb8 35. Bf3 Bb4 36. Re2 a5 37. Kg2 Rd8 38. Qc4 Rd7 39. Rd1 Bxc5 40. Rc1 Bb6 41. d5 exd5 42. Bxd5 Rxd5 43. Qxc7 Bxc7 44. Rxc7 Rdb5 45. Ree7 Rf5 46. g4 Rf4 47. Ra7 Rxb3 48. Re8+ Kh7 49. Rxa5 Rxg4+ 50. Kf2 Rgb4 51. Raa8 g5 52. h3 Rh4 53. Rh8+ Kg6 54. Ra6+ f6 55. Rxh4 gxh4 56. Kg2 Rg3+ 57. Kh2 Kh5 58. Ra8 g5 59. Ra5 Kg6 60. Ra4 Re3 61. Kg2 Re2+ 62. Kg1 Kf5 63. Ra5+ Kf4 64. Ra4+ Re4 65. Ra3 f5 66. Kg2 g4 67. hxg4 fxg4 68. Ra2 h3+ 69. Kh2 Kf3 70. Ra3+ Re3 71. Ra6 Re2+ 72. Kh1 g3 73. Rf6+ Ke3 74. Re6+ Kd3 75. Rd6+ Kc4 76. Rd1 Rf2 77. Kg1 h2+ 78. Kh1 g2+ 79. Kxh2 Rf1 0-1

[Event "Florianopolis op 5th"]
[Site "Florianopolis"]
[Date "2019.01.26"]
[Round "9"]
[White "Da Rosa, Henrique Jaze Simoe"]
[Black "Dutra, Liliam Guedes"]
[Result "0-1"]
[WhiteElo "1675"]
[BlackElo "1443"]
[PlyCount "64"]
[EventDate "2019.01.21"]
[EventType "swiss"]
[EventRounds "10"]
[EventCountry "BRA"]
[SourceTitle "CBM 188 Extra"]
[Source "ChessBase"]
[SourceDate "2019.02.26"]
[SourceVersion "1"]
[SourceVersionDate "2019.02.26"]
[SourceQuality "1"]

1. Nf3 Nf6 2. c4 e6 3. g3 Be7 4. Bg2 d5 5. 0-0 0-0 6. b3 c6 7. Bb2 Nbd7 8. Re1 Nc5 9. Qc2 Bd7 10. Ne5 Rc8 11. d3 Qc7 12. Nd2 Rfd8 13. Rad1 Be8 14. d4 Ncd7 15. Nxd7 Qxd7 16. Qd3 c5 17. cxd5 Nxd5 18. Nc4 Nb4 19. Qb1 Qc7 20. a3 Nd5 21. e4 Nf6 22. d5 exd5 23. exd5 b5 24. Be5 Bd6 25. Nxd6 Rxd6 26. Bxd6 Qxd6 27. Qb2 Bd7 28. Rc1 a6 29. Qe5 Qb6 30. Qc3 a5 31. b4 axb4 32. Qxb4 cxb4 0-1

[Event "Florianopolis op 5th"]
[Site "Florianopolis"]
[Date "2019.01.24"]
[Round "5"]
[White "Benevenga, Antonio"]
[Black "Dutra, Liliam Guedes"]
[Result "1/2-1/2"]
[WhiteElo "1692"]
[BlackElo "1443"]
[PlyCount "136"]
[EventDate "2019.01.21"]
[EventType "swiss"]
[EventRounds "10"]
[EventCountry "BRA"]
[SourceTitle "CBM 188 Extra"]
[Source "ChessBase"]
[SourceDate "2019.02.26"]
[SourceVersion "1"]
[SourceVersionDate "2019.02.26"]
[SourceQuality "1"]

1. b3 e5 2. Bb2 Nc6 3. e3 Nf6 4. Bb5 Bd6 5. Na3 Qe7 6. Nc4 Bc5 7. Bxc6 dxc6 8. Nxe5 0-0 9. Ngf3 Rd8 10. 0-0 Bf5 11. d3 Bd6 12. Qe2 Bg4 13. Nxg4 Nxg4 14. h3 Ne5 15. Nd2 Ng6 16. Qh5 Re8 17. Rae1 Be5 18. d4 Bf6 19. e4 Rad8 20. Nf3 Nf4 21. Qg4 Ne6 22. c3 Ng5 23. e5 Nxf3+ 24. Qxf3 Bg5 25. Qh5 g6 26. Qg4 b6 27. f4 Bh6 28. f5 Bg5 29. fxg6 hxg6 30. Rf3 f5 31. Qg3 Kg7 32. Qf2 c5 33. g3 cxd4 34. cxd4 Qe6 35. h4 Bh6 36. h5 Rf8 37. hxg6 Kxg6 38. Rf1 Rf7 39. g4 f4 40. Qg2 Kh7 41. Kh2 Rg7 42. Rg1 Kg8 43. Rd3 c6 44. Qf3 Bg5 45. Rg2 Rh7+ 46. Kg1 Qh6 47. Rc2 Qh4 48. Rd1 c5 49. d5 Qh3 50. Qxh3 Rxh3 51. e6 f3 52. Bc1 Bh4 53. Be3 Rg3+ 54. Kf1 Rxg4 55. Rc4 Rxc4 56. bxc4 Kg7 57. Bf2 Be7 58. Bg3 Bd6 59. Bxd6 Rxd6 60. e7 Kf7 61. Re1 Ke8 62. Kf2 Rf6 63. Re3 Rh6 64. Kxf3 Rh3+ 65. Kf4 Rxe3 66. Kxe3 Kxe7 67. a4 a6 68. Ke4 Kd6 1/2-1/2

[Event "Sao Bernardo do Campo op"]
[Site "Sao Bernardo do Campo"]
[Date "2018.12.08"]
[Round "2"]
[White "Dutra, Liliam Guedes"]
[Black "De Martino, Murilo Rocha Laragn"]
[Result "0-1"]
[WhiteElo "1518"]
[BlackElo "1338"]
[PlyCount "86"]
[EventDate "2018.12.07"]
[EventType "swiss"]
[EventRounds "5"]
[EventCountry "BRA"]
[SourceTitle "EXT 2021"]
[Source "ChessBase"]
[SourceDate "2020.10.23"]
[SourceVersion "1"]
[SourceVersionDate "2020.10.23"]
[SourceQuality "1"]

1. e4 e5 2. Nf3 Nf6 3. Nxe5 d6 4. Nf3 Nxe4 5. d4 d5 6. Bd3 f5 7. 0-0 Bd6 8. Re1 0-0 9. c4 c6 10. a3 Nd7 11. Nc3 Ndf6 12. cxd5 cxd5 13. h3 a6 14. Qc2 Be6 15. Ng5 Bd7 16. Ngxe4 fxe4 17. Bf1 Rc8 18. Qb3 Be8 19. Qxb7 Bb8 20. Qxa6 Rc6 21. Qe2 Qd6 22. g3 Nh5 23. Qe3 Rf3 24. Qg5 Rcxc3 25. bxc3 Nxg3 26. Qe5 Qg6 27. Qxd5+ Kh8 28. Qg5 Qd6 29. Bg2 Ne2+ 30. Rxe2 Qh2+ 31. Kf1 Rf8 32. Rxe4 Bc6 33. Rg4 g6 34. Rb1 Bxg2+ 35. Rxg2 Qh1+ 36. Rg1 Qxh3+ 37. Qg2 Qd3+ 38. Ke1 Re8+ 39. Be3 Qxb1+ 40. Ke2 Qc2+ 41. Kf3 Rf8+ 42. Kg4 Qf5+ 43. Kh4 Qh5# 0-1

[Event "Sao Paulo Karman Cup"]
[Site "Sao Paulo"]
[Date "2018.08.12"]
[Round "5"]
[White "Dutra, Liliam Guedes"]
[Black "Oliveira, Debora Goncalves"]
[Result "0-1"]
[WhiteElo "1518"]
[BlackElo "1247"]
[PlyCount "90"]
[EventDate "2018.08.10"]
[EventType "swiss"]
[EventRounds "6"]
[EventCountry "BRA"]
[SourceTitle "CBM 186 Extra"]
[Source "ChessBase"]
[SourceDate "2018.08.24"]
[SourceVersion "1"]
[SourceVersionDate "2018.08.24"]
[SourceQuality "1"]

1. e4 e6 2. Nf3 d5 3. Nc3 Nf6 4. exd5 exd5 5. d4 c6 6. Bd3 Bd6 7. Bg5 Nbd7 8. Qe2+ Qe7 9. Qxe7+ Bxe7 10. 0-0 0-0 11. Ne2 b6 12. c4 dxc4 13. Bxc4 Bb7 14. Ne5 Rae8 15. Rac1 c5 16. Nxd7 Nxd7 17. Bxe7 Rxe7 18. dxc5 Nxc5 19. Nc3 Ne6 20. a3 Nf4 21. f3 Rd8 22. Rcd1 Rc8 23. g3 Ng6 24. Bb3 Ne5 25. Bd5 Bxd5 26. Nxd5 Rd7 27. Rfe1 Nxf3+ 28. Kf2 Nxe1 29. Kxe1 h6 30. h3 Kh7 31. h4 Rcd8 32. Nc3 Rxd1+ 33. Nxd1 g5 34. hxg5 hxg5 35. Ke2 f5 36. Ne3 Kg6 37. b3 f4 38. gxf4 gxf4 39. Nc4 Kf5 40. a4 Ke4 41. Nd2+ Kd4 42. b4 Kc3 43. Ne4+ Kxb4 44. Kf3 Kxa4 45. Kxf4 a5 0-1

[Event "Sao Paulo Karman Cup"]
[Site "Sao Paulo"]
[Date "2018.08.11"]
[Round "4"]
[White "Maraz, Ricardo"]
[Black "Dutra, Liliam Guedes"]
[Result "1-0"]
[WhiteElo "1651"]
[BlackElo "1518"]
[PlyCount "111"]
[EventDate "2018.08.10"]
[EventType "swiss"]
[EventRounds "6"]
[EventCountry "BRA"]
[SourceTitle "CBM 186 Extra"]
[Source "ChessBase"]
[SourceDate "2018.08.24"]
[SourceVersion "1"]
[SourceVersionDate "2018.08.24"]
[SourceQuality "1"]

1. e4 c5 2. Nf3 d6 3. c3 Nf6 4. Be2 Nxe4 5. Qa4+ Nc6 6. Qxe4 e6 7. d4 cxd4 8. Nxd4 d5 9. Qc2 Bd7 10. 0-0 Rc8 11. Nxc6 Bxc6 12. Bf3 Bd6 13. Re1 Qc7 14. h3 0-0 15. b3 Bd7 16. Bb2 Qb6 17. Kh1 e5 18. Bxd5 Bc5 19. Re2 Rfe8 20. c4 Bd4 21. Nd2 Kh8 22. Nf3 Be6 23. Bxd4 exd4 24. Bxe6 fxe6 25. Rae1 Rcd8 26. Qd3 h6 27. Ne5 Qc7 28. Ng6+ Kg8 29. Rxe6 Rxe6 30. Rxe6 Qf7 31. Re2 b6 32. f3 Qf6 33. Ne7+ Kh8 34. Nd5 Qg5 35. Qxd4 b5 36. Qe4 bxc4 37. bxc4 Rb8 38. c5 Qc1+ 39. Kh2 Qxc5 40. Rc2 Qd6+ 41. f4 Rd8 42. Ne3 Rf8 43. Nf5 Qf6 44. Rc5 Rd8 45. Qe5 Rf8 46. Qxf6 Rxf6 47. g3 Rf7 48. a4 Kh7 49. h4 Kg6 50. Nd4 h5 51. a5 Rf6 52. Rc6 a6 53. Rxf6+ Kxf6 54. Nc6 Kf7 55. Nb8 Ke6 56. Nxa6 1-0

[Event "Caioba Telecom op"]
[Site "Caioba"]
[Date "2018.08.05"]
[Round "9"]
[White "Dutra, Liliam Guedes"]
[Black "Do Nascimento, Joao Augusto"]
[Result "1-0"]
[WhiteElo "1518"]
[BlackElo "1771"]
[PlyCount "41"]
[EventDate "2018.08.01"]
[EventType "swiss"]
[EventRounds "9"]
[EventCountry "BRA"]
[SourceTitle "CBM 186 Extra"]
[Source "ChessBase"]
[SourceDate "2018.08.24"]
[SourceVersion "1"]
[SourceVersionDate "2018.08.24"]
[SourceQuality "1"]

1. e4 c5 2. Nf3 d6 3. d4 cxd4 4. Nxd4 Nf6 5. Nc3 e6 6. Bc4 a6 7. 0-0 Be7 8. Re1 0-0 9. Bb3 Bd7 10. Qf3 Nc6 11. Nxc6 Bxc6 12. Bf4 Nd7 13. Rad1 Nc5 14. Qg3 Bh4 15. Qg4 f5 16. exf5 Nxb3 17. axb3 exf5 18. Qe2 d5 19. Nxd5 Bxd5 20. c4 Bxc4 21. Qxc4+ 1-0

[Event "Primeira-ch ECP"]
[Site "Sao Paulo"]
[Date "2018.06.16"]
[Round "9.5"]
[White "Dutra, Liliam Guedes"]
[Black "Da Rocha, Luiz C Cosenza Vie"]
[Result "0-1"]
[WhiteElo "1575"]
[BlackElo "1384"]
[PlyCount "122"]
[EventDate "2018.04.07"]
[EventType "tourn"]
[EventRounds "11"]
[EventCountry "BRA"]
[SourceTitle "EXT 2022"]
[Source "ChessBase"]
[SourceDate "2021.10.06"]
[SourceVersion "1"]
[SourceVersionDate "2021.10.06"]
[SourceQuality "1"]

1. e4 c6 2. Nf3 d5 3. Nc3 dxe4 4. Nxe4 Nd7 5. d4 Ngf6 6. Bd3 Nxe4 7. Bxe4 Nf6 8. Bd3 Bg4 9. c3 e6 10. 0-0 Bd6 11. Bg5 Qc7 12. h3 Bh5 13. Re1 h6 14. Bd2 0-0-0 15. g4 Bg6 16. Bxg6 fxg6 17. Rxe6 Qf7 18. Qb3 Nd5 19. Re3 Rhf8 20. Rd3 Rde8 21. Qd1 Bf4 22. Be1 Bc7 23. Ne5 Bxe5 24. dxe5 Rxe5 25. Qd2 Ree8 26. Rd1 Qf6 27. b4 Qf4 28. Qxf4 Nxf4 29. Rd7 Rxe1+ 30. Kh2 Rxd1 31. Rxd1 Nd5 32. Rd2 Nxc3 33. Kg2 Nd5 34. a3 a6 35. Kg3 Nf6 36. Rc2 Rd8 37. f3 Rd3 38. a4 Nd5 39. b5 Rc3 40. Rd2 axb5 41. axb5 Nf6 42. Rb2 cxb5 43. Rxb5 Kb8 44. h4 Rc6 45. Re5 Rc7 46. g5 Nh5+ 47. Kg4 Rc4+ 48. Kh3 Rf4 49. gxh6 gxh6 50. Re3 Rf6 51. Kg4 b5 52. Rb3 Rb6 53. f4 Nf6+ 54. Kf3 Kc7 55. Ke3 Kd6 56. Kd4 Nh5 57. Rf3 Ke6 58. Ke4 Nf6+ 59. Kd4 Kf5 60. Kc5 Rb8 61. Rg3 Ne4+ 0-1

[Event "Sao Paulo ECP Etapa Sigismund Gansl"]
[Site "Sao Paulo"]
[Date "2018.05.19"]
[Round "4.7"]
[White "Dutra, Liliam Guedes"]
[Black "Haraguchi, Matheus Sashaki"]
[Result "0-1"]
[WhiteElo "1575"]
[BlackElo "1275"]
[PlyCount "130"]
[EventDate "2018.05.18"]
[EventType "swiss"]
[EventRounds "6"]
[EventCountry "BRA"]
[SourceTitle "EXT 2022"]
[Source "ChessBase"]
[SourceDate "2021.10.06"]
[SourceVersion "1"]
[SourceVersionDate "2021.10.06"]
[SourceQuality "1"]

1. e4 e6 2. d4 d5 3. Nc3 Nf6 4. e5 Nfd7 5. Nf3 c5 6. Be3 cxd4 7. Bxd4 Nc6 8. Be2 Qc7 9. Nb5 Qd8 10. 0-0 a6 11. Nd6+ Bxd6 12. exd6 Nxd4 13. Qxd4 Nf6 14. Qe5 0-0 15. Bd3 Qd7 16. Rfe1 Rd8 17. Qg5 Qxd6 18. Rad1 Bd7 19. Qh4 Bb5 20. c4 dxc4 21. Be2 Qe7 22. Rxd8+ Rxd8 23. Bxc4 Bxc4 24. Qxc4 Qd7 25. Ne5 Qd6 26. h3 b5 27. Qc3 Qd2 28. Nc6 Qxc3 29. bxc3 Rd2 30. a3 h6 31. Nb4 a5 32. Nc6 Ra2 33. Re5 Nd5 34. c4 bxc4 35. Nxa5 c3 36. Re1 Nf4 37. Nb3 Nd3 38. Rd1 Nxf2 39. Rd8+ Kh7 40. Nc1 Rd2 41. Rc8 Nd3 42. Nb3 Rc2 43. a4 Nb4 44. a5 e5 45. Rc4 Na6 46. Kf1 f5 47. g3 Rh2 48. h4 c2 49. Ke1 e4 50. Nc1 e3 51. Rc3 Rh1+ 52. Ke2 Rxc1 53. Kxe3 Re1+ 54. Kd2 c1Q+ 55. Rxc1 Rxc1 56. Kxc1 g5 57. hxg5 hxg5 58. Kd2 Kg6 59. Ke3 Kf6 60. Kd4 Ke6 61. Ke3 Ke5 62. Kf3 Kd4 63. Kf2 Ke5 64. Kg2 Ke4 65. Kf1 Kf3 0-1

[Event "Sao Paulo ECP Etapa Sigismund Gansl"]
[Site "Sao Paulo"]
[Date "2018.05.19"]
[Round "3.11"]
[White "Martins, Andre Giacomazzi"]
[Black "Dutra, Liliam Guedes"]
[Result "0-1"]
[WhiteElo "1494"]
[BlackElo "1575"]
[PlyCount "90"]
[EventDate "2018.05.18"]
[EventType "swiss"]
[EventRounds "6"]
[EventCountry "BRA"]
[SourceTitle "EXT 2022"]
[Source "ChessBase"]
[SourceDate "2021.10.06"]
[SourceVersion "1"]
[SourceVersionDate "2021.10.06"]
[SourceQuality "1"]

1. d4 d5 2. c4 e6 3. Nc3 Nf6 4. cxd5 exd5 5. Bg5 Be7 6. Qd2 0-0 7. e3 Be6 8. Bd3 Nbd7 9. f3 c5 10. dxc5 Nxc5 11. Nge2 Nxd3+ 12. Qxd3 Rc8 13. Rd1 Qa5 14. 0-0 Rfe8 15. Rfe1 h6 16. Bh4 Qb4 17. Bg3 d4 18. exd4 Bc4 19. a3 Qb3 20. Qd2 Nd5 21. Nc1 Qb6 22. Nxd5 Bxd5 23. Re5 Be6 24. Bf2 Qc7 25. Rde1 Bd6 26. Rh5 Qc2 27. Be3 Qxd2 28. Bxd2 Rc2 29. Bc3 Bxa3 30. Rhe5 Rc8 31. R5e2 Rxe2 32. Rxe2 Bd6 33. Nd3 Bc4 34. Re3 Kf8 35. g3 b6 36. f4 f6 37. Kf2 g5 38. fxg5 hxg5 39. Kf3 a5 40. h4 Bd5+ 41. Kg4 gxh4 42. gxh4 Kf7 43. Nf4 Rg8+ 44. Kf5 Bb3 45. h5 Bc2+ 0-1

[Event "Sao Paulo ECP Etapa Sigismund Gansl"]
[Site "Sao Paulo"]
[Date "2018.05.18"]
[Round "2.1"]
[White "Dutra, Liliam Guedes"]
[Black "Vieira, Alexandre Letizio"]
[Result "0-1"]
[WhiteElo "1575"]
[BlackElo "1817"]
[PlyCount "98"]
[EventDate "2018.05.18"]
[EventType "swiss"]
[EventRounds "6"]
[EventCountry "BRA"]
[SourceTitle "EXT 2022"]
[Source "ChessBase"]
[SourceDate "2021.10.06"]
[SourceVersion "1"]
[SourceVersionDate "2021.10.06"]
[SourceQuality "1"]

1. e4 c5 2. Nf3 Nc6 3. d4 cxd4 4. Nxd4 g6 5. Nc3 Bg7 6. Be3 Nf6 7. Be2 0-0 8. 0-0 d5 9. Nxd5 Nxe4 10. Nxc6 bxc6 11. Nb4 Qc7 12. c3 a5 13. Nd3 Rd8 14. Qa4 Nd6 15. Nc5 Nf5 16. Bf4 e5 17. Bg5 Rd5 18. Ne4 Ba6 19. Bxa6 Rxa6 20. Rad1 Ra8 21. Rfe1 Rb5 22. Rd2 h6 23. Bf6 Bxf6 24. Nxf6+ Kg7 25. Ne4 Rd8 26. Red1 Rxd2 27. Rxd2 Rd5 28. Qc2 Qb6 29. b3 Qd8 30. Kf1 Qh4 31. Ng3 Nxg3+ 32. hxg3 Qh1+ 33. Ke2 Qxg2 34. c4 Rxd2+ 35. Qxd2 Qe4+ 36. Qe3 Qxe3+ 37. Kxe3 f5 38. Kd3 g5 39. a3 c5 40. f3 h5 41. b4 cxb4 42. axb4 axb4 43. c5 Kf6 44. Kc4 b3 45. Kxb3 h4 46. gxh4 gxh4 47. c6 Ke6 48. Kb4 Kd6 49. Kb5 Kc7 0-1

[Event "Primeira-ch ECP"]
[Site "Sao Paulo"]
[Date "2018.04.07"]
[Round "1.4"]
[White "Tannous, Thiago Saddi"]
[Black "Dutra, Liliam Guedes"]
[Result "1/2-1/2"]
[WhiteElo "1837"]
[BlackElo "1575"]
[PlyCount "67"]
[EventDate "2018.04.07"]
[EventType "tourn"]
[EventRounds "11"]
[EventCountry "BRA"]
[SourceTitle "EXT 2022"]
[Source "ChessBase"]
[SourceDate "2021.10.06"]
[SourceVersion "1"]
[SourceVersionDate "2021.10.06"]
[SourceQuality "1"]

1. d4 d5 2. Nf3 Nf6 3. e3 e6 4. Bd3 Be7 5. 0-0 0-0 6. Nbd2 c5 7. c3 b6 8. Ne5 Bb7 9. f4 Nbd7 10. Ndf3 Ne4 11. Nxd7 Qxd7 12. Ne5 Qc7 13. g4 f6 14. Nf3 f5 15. g5 Bd6 16. Qe2 g6 17. Bd2 Qg7 18. Kg2 c4 19. Bc2 b5 20. h4 Bc6 21. Rh1 Be8 22. a4 bxa4 23. Bxa4 Bxa4 24. Rxa4 h5 25. Rha1 Qd7 26. Bc1 Kg7 27. Qc2 Rfb8 28. Ra6 Rb3 29. R1a4 Kf7 30. Ra3 Qb7 31. R3a4 Ke7 32. Kh3 Bc7 33. Kg2 Bd6 34. Kh3 1/2-1/2

[Event "BRA-ch Amateur U1600"]
[Site "Sao Paulo"]
[Date "2017.10.13"]
[Round "4"]
[White "Dutra, Liliam Guedes"]
[Black "Brandao, Murilo Tavares"]
[Result "1-0"]
[WhiteElo "1559"]
[BlackElo "1309"]
[PlyCount "67"]
[EventDate "2017.10.12"]
[EventType "swiss"]
[EventRounds "7"]
[EventCountry "BRA"]
[SourceTitle "EXT 2022"]
[Source "ChessBase"]
[SourceDate "2021.10.06"]
[SourceVersion "1"]
[SourceVersionDate "2021.10.06"]
[SourceQuality "1"]

1. d4 Nf6 2. c4 e6 3. Nc3 Bb4 4. Qc2 0-0 5. e4 Be7 6. Bd3 h6 7. Nf3 d6 8. 0-0 c5 9. e5 Nfd7 10. exd6 Bxd6 11. d5 Nf6 12. dxe6 Bxe6 13. Re1 Bg4 14. Be2 Re8 15. Be3 Bf8 16. Rad1 Nbd7 17. Nd5 Qa5 18. Bd2 Qd8 19. Bc3 Nxd5 20. Rxd5 Bxf3 21. Bxf3 Rxe1+ 22. Bxe1 Qe8 23. Rd1 Nf6 24. Bxb7 Rd8 25. Bf3 Rxd1 26. Qxd1 Qb8 27. Bc3 Bd6 28. g3 Nd7 29. b3 Ne5 30. Be2 Ng6 31. Qd5 Qc7 32. Bd3 Be5 33. Bxe5 Nxe5 34. Qa8+ 1-0

[Event "Caioba Telecom op"]
[Site "Caioba"]
[Date "2017.09.28"]
[Round "2"]
[White "Dutra, Liliam Guedes"]
[Black "De Oliveira, Wesley Cassio"]
[Result "1-0"]
[WhiteElo "1573"]
[BlackElo "1773"]
[PlyCount "73"]
[EventDate "2017.09.28"]
[EventType "swiss"]
[EventRounds "8"]
[EventCountry "BRA"]
[SourceTitle "EXT 2018"]
[Source "ChessBase"]
[SourceDate "2017.10.13"]
[SourceVersion "1"]
[SourceVersionDate "2017.10.13"]
[SourceQuality "1"]

1. d4 Nf6 2. c4 g6 3. Nc3 Bg7 4. e4 d6 5. Nf3 0-0 6. Be2 e5 7. d5 Nbd7 8. 0-0 Nc5 9. Qc2 a5 10. Rb1 a4 11. b4 axb3 12. axb3 Bd7 13. h3 c6 14. b4 Na6 15. Be3 b6 16. dxc6 Be8 17. Nd5 Nxd5 18. cxd5 Qb8 19. Nd2 Nc7 20. b5 f6 21. Nc4 Ra7 22. Bxb6 Ra8 23. Qb3 Rf7 24. Be3 Bxc6 25. bxc6 Qd8 26. Qb4 Bf8 27. Rfc1 Na6 28. Qb6 Nc7 29. Na5 Qc8 30. Nb7 Rb8 31. Qb3 Be7 32. f4 Rf8 33. fxe5 fxe5 34. Bg4 Qe8 35. Bd7 Qf7 36. Rf1 Qg7 37. Qb6 1-0

[Event "Sao Paulo Schutt op 14th"]
[Site "Sao Paulo"]
[Date "2017.09.17"]
[Round "5"]
[White "Dutra, Liliam Guedes"]
[Black "Brandao, Murilo Tavares"]
[Result "1-0"]
[WhiteElo "1573"]
[BlackElo "1269"]
[PlyCount "131"]
[EventDate "2017.09.15"]
[EventType "swiss"]
[EventRounds "6"]
[EventCountry "BRA"]
[SourceTitle "CBM 180 Extra"]
[Source "ChessBase"]
[SourceDate "2017.10.06"]
[SourceVersion "1"]
[SourceVersionDate "2017.10.06"]
[SourceQuality "1"]

1. d4 Nf6 2. c4 c5 3. d5 e6 4. Nc3 exd5 5. cxd5 d6 6. e4 g6 7. Qc2 Bg7 8. Bg5 Qc7 9. Nf3 Nfd7 10. Be2 0-0 11. 0-0 Re8 12. Rab1 a6 13. Rfe1 b5 14. b3 Ne5 15. Nxe5 Bxe5 16. Bf3 f5 17. Ne2 fxe4 18. Bxe4 Bb7 19. Bf4 Bg7 20. Bf3 Nd7 21. Rbd1 Ne5 22. Be4 Rac8 23. Bg3 c4 24. Rc1 Qb6 25. Qb1 cxb3 26. axb3 a5 27. h3 b4 28. Rxc8 Rxc8 29. Rc1 Qd8 30. Nf4 Rxc1+ 31. Qxc1 Qc8 32. Qxc8+ Bxc8 33. Nd3 Nxd3 34. Bxd3 Be5 35. f4 Bd4+ 36. Kf1 Bb7 37. Bc4 Kf8 38. Ke2 Ke7 39. Kd3 Bf6 40. Bf2 Kd7 41. g4 Bd8 42. Bd4 Ke7 43. Ke4 Kf7 44. f5 Bc8 45. fxg6+ hxg6 46. Bf2 Bd7 47. Bg3 Bc7 48. Kf4 a4 49. Be1 Ba5 50. bxa4 Bxa4 51. Ke4 Bc2+ 52. Bd3 Bb3 53. Bd2 Bd1 54. g5 Kg7 55. Kd4 Bb6+ 56. Kc4 b3 57. Bc3+ Kf7 58. Bd4 Bxd4 59. Kxd4 Bf3 60. Bb1 Bg2 61. h4 b2 62. Kc4 Bh3 63. Kc3 Bf5 64. Kxb2 Bxb1 65. Kxb1 Ke7 66. Kc2 1-0

[Event "Sao Paulo Schutt op 14th"]
[Site "Sao Paulo"]
[Date "2017.09.16"]
[Round "3"]
[White "Dutra, Liliam Guedes"]
[Black "Costa, Iaggo Bernini"]
[Result "0-1"]
[WhiteElo "1573"]
[BlackElo "1453"]
[PlyCount "92"]
[EventDate "2017.09.15"]
[EventType "swiss"]
[EventRounds "6"]
[EventCountry "BRA"]
[SourceTitle "CBM 180 Extra"]
[Source "ChessBase"]
[SourceDate "2017.10.06"]
[SourceVersion "1"]
[SourceVersionDate "2017.10.06"]
[SourceQuality "1"]

1. d4 Nf6 2. c4 g6 3. Nc3 Bg7 4. e4 d6 5. Bd3 0-0 6. Nge2 e5 7. d5 Ne8 8. 0-0 f5 9. exf5 Bxf5 10. Ng3 Bxd3 11. Qxd3 Nf6 12. Bg5 Qd7 13. Nce4 Nxe4 14. Nxe4 Qf5 15. Qe3 Nd7 16. b4 a5 17. c5 axb4 18. cxd6 Ra3 19. Qe1 cxd6 20. Qxb4 Rfa8 21. Qxd6 R3a6 22. Qe7 Bf8 23. Ng3 Bxe7 24. Nxf5 Bxg5 25. h4 Bf6 26. Nh6+ Kg7 27. Ng4 Bxh4 28. g3 Bf6 29. Rfe1 Rd6 30. Nxf6 Kxf6 31. Red1 Ra5 32. Rab1 b6 33. Rbc1 Nc5 34. Rc2 Kf5 35. f3 Ra3 36. Kg2 Rd3 37. g4+ Kf6 38. Rxd3 Nxd3 39. Rc6 Rxc6 40. dxc6 Ke7 41. Kf1 Kd6 42. Ke2 Nc1+ 43. Ke3 Kxc6 44. a3 Kd5 45. g5 Nb3 46. Kd3 Nd4 0-1

[Event "Sao Paulo op-C U1700 6th"]
[Site "Sao Paulo"]
[Date "2017.04.16"]
[Round "5"]
[White "Castro Vasconcelos, Jairo Sergio"]
[Black "Dutra, Liliam Guedes"]
[Result "0-1"]
[WhiteElo "1600"]
[BlackElo "1531"]
[PlyCount "84"]
[EventDate "2017.04.14"]
[EventType "swiss"]
[EventRounds "6"]
[EventCountry "BRA"]
[SourceTitle "EXT 2019"]
[Source "ChessBase"]
[SourceDate "2018.10.10"]
[SourceVersion "1"]
[SourceVersionDate "2018.10.10"]
[SourceQuality "1"]

1. e4 e6 2. d4 d5 3. exd5 exd5 4. Bd3 Bd6 5. Nf3 Ne7 6. 0-0 c5 7. c3 Nbc6 8. Be3 Bf5 9. dxc5 Bc7 10. Re1 0-0 11. Bxf5 Nxf5 12. Qd3 Nh4 13. Nbd2 Ng6 14. Rad1 Bf4 15. Bxf4 Nxf4 16. Qf5 Ng6 17. Nf1 Nce7 18. Qg5 Re8 19. Ng3 h6 20. Qd2 Qc7 21. Qd4 Rac8 22. b4 b6 23. cxb6 axb6 24. Rc1 Qa7 25. Qd2 Ra8 26. Re2 Rec8 27. Nd4 Qd7 28. Qc2 Nf4 29. Re3 Qb7 30. Ngf5 Nxf5 31. Qxf5 Ng6 32. Qc2 Qa6 33. Nf5 Rc7 34. Rce1 Qxa2 35. Re8+ Kh7 36. Qxa2 Rxa2 37. Rb8 Rxc3 38. h4 Rcc2 39. h5 Nf4 40. g4 Rxf2 41. Ree8 Nh3+ 42. Kh1 Rh2# 0-1

[Event "Sao Paulo op-C U1700 6th"]
[Site "Sao Paulo"]
[Date "2017.04.15"]
[Round "4"]
[White "Brujin, Homero"]
[Black "Dutra, Liliam Guedes"]
[Result "0-1"]
[WhiteElo "1388"]
[BlackElo "1531"]
[PlyCount "94"]
[EventDate "2017.04.14"]
[EventType "swiss"]
[EventRounds "6"]
[EventCountry "BRA"]
[SourceTitle "EXT 2019"]
[Source "ChessBase"]
[SourceDate "2018.10.10"]
[SourceVersion "1"]
[SourceVersionDate "2018.10.10"]
[SourceQuality "1"]

1. c4 e6 2. g3 d5 3. Bg2 Nf6 4. Nf3 Be7 5. 0-0 0-0 6. b3 Nbd7 7. d4 b6 8. Nbd2 Bb7 9. Bb2 c5 10. Rc1 Re8 11. e3 Rb8 12. Qc2 Qc7 13. cxd5 exd5 14. Ba3 Rbc8 15. Rfe1 Bd6 16. Bb2 Qb8 17. Qb1 Bc6 18. Qa1 Ne4 19. Bh3 Nxd2 20. Nxd2 f6 21. Qb1 Re7 22. Nf3 Rce8 23. Nh4 Bb7 24. Qf5 cxd4 25. Bxd4 Be5 26. Bxe5 Nxe5 27. Rc2 Qd6 28. Rc3 d4 29. Rd1 Qb4 30. Rcc1 d3 31. f4 d2 32. Rc2 Be4 33. a3 Bxf5 34. axb4 Bxc2 35. Rxd2 Ng6 36. Rxc2 Nxh4 37. gxh4 Rxe3 38. Bd7 R8e4 39. Rc8+ Kf7 40. Rc7 Kg6 41. Kf2 Rxb3 42. Ba4 Rxf4+ 43. Kg2 Rbxb4 44. Bc2+ Kh6 45. Rc8 Rxh4 46. Rh8 g6 47. Rf8 f5 0-1